<?xml version="1.0" encoding="UTF-8"?>
<record
    xmlns:xsi="http://www.w3.org/2001/XMLSchema-instance"
    xsi:schemaLocation="http://www.loc.gov/MARC21/slim http://www.loc.gov/standards/marcxml/schema/MARC21slim.xsd"
    xmlns="http://www.loc.gov/MARC21/slim">

  <leader>01045nam a2200277 a 4500</leader>
  <controlfield tag="001">BRCA_3030</controlfield>
  <controlfield tag="003">FranzMayer</controlfield>
  <controlfield tag="005">20230717132544.0</controlfield>
  <controlfield tag="008">260109s2006----fi-a---###---#000-0#fin-#</controlfield>
  <datafield tag="020" ind1=" " ind2=" ">
    <subfield code="a">9529878516</subfield>
  </datafield>
  <datafield tag="040" ind1=" " ind2=" ">
    <subfield code="c">MFM</subfield>
  </datafield>
  <datafield tag="050" ind1=" " ind2="4">
    <subfield code="a">NK844</subfield>
    <subfield code="b">.M45 2006</subfield>
  </datafield>
  <datafield tag="245" ind1="1" ind2="0">
    <subfield code="a">Meksikon Kahdet Kasvot</subfield>
    <subfield code="b">Ruth D. Lechuga-kokoelma : Franz Mayer-kokoelma.</subfield>
  </datafield>
  <datafield tag="260" ind1=" " ind2=" ">
    <subfield code="a">Helsinki, Filandia</subfield>
    <subfield code="b">Museum of Art and Design</subfield>
    <subfield code="c">2006</subfield>
  </datafield>
  <datafield tag="300" ind1=" " ind2=" ">
    <subfield code="a">1 v. (en varias paginaciones)</subfield>
    <subfield code="b">il. a color</subfield>
    <subfield code="c">20 cm.</subfield>
  </datafield>
  <datafield tag="500" ind1=" " ind2=" ">
    <subfield code="a">L60/N5Cat&#xE1;logo de la exposici&#xF3;n realizada en el Museum of Art and Design (Helsinki, Filandia), 26 septiembre, 2006 &#x2013; 14 enero, 2007</subfield>
  </datafield>
  <datafield tag="546" ind1=" " ind2=" ">
    <subfield code="a">Texto en : finland&#xE9;s</subfield>
  </datafield>
  <datafield tag="600" ind1="1" ind2="4">
    <subfield code="a">Lechuga, Ruth D.</subfield>
    <subfield code="d">1920-2004</subfield>
    <subfield code="x">Colecciones de arte</subfield>
    <subfield code="9">2457</subfield>
  </datafield>
  <datafield tag="600" ind1="1" ind2="4">
    <subfield code="a">Mayer, Franz</subfield>
    <subfield code="d">1882-1975</subfield>
    <subfield code="x">Colecciones de arte</subfield>
    <subfield code="9">8327</subfield>
  </datafield>
  <datafield tag="650" ind1="1" ind2="4">
    <subfield code="a">Arte popular mexicano</subfield>
    <subfield code="9">8328</subfield>
  </datafield>
  <datafield tag="650" ind1="1" ind2="4">
    <subfield code="a">Artes decorativas</subfield>
    <subfield code="z">M&#xE9;xico</subfield>
    <subfield code="9">3532</subfield>
  </datafield>
  <datafield tag="740" ind1="0" ind2=" ">
    <subfield code="a">Two Faces of Mexico</subfield>
  </datafield>
  <datafield tag="740" ind1="0" ind2=" ">
    <subfield code="a">Ruth D. Lechuga-kokoelma</subfield>
  </datafield>
  <datafield tag="740" ind1="0" ind2=" ">
    <subfield code="a">Franz Mayer-kokoelma</subfield>
  </datafield>
  <datafield tag="942" ind1=" " ind2=" ">
    <subfield code="2">lcc</subfield>
    <subfield code="c">B</subfield>
  </datafield>
  <datafield tag="999" ind1=" " ind2=" ">
    <subfield code="c">2766</subfield>
    <subfield code="d">2766</subfield>
  </datafield>
  <datafield tag="952" ind1=" " ind2=" ">
    <subfield code="0">0</subfield>
    <subfield code="1">0</subfield>
    <subfield code="4">0</subfield>
    <subfield code="7">0</subfield>
    <subfield code="a">BRCA</subfield>
    <subfield code="b">BRCA</subfield>
    <subfield code="d">2009-01-20</subfield>
    <subfield code="l">0</subfield>
    <subfield code="o">NK844 .M45 2006</subfield>
    <subfield code="p">01040</subfield>
    <subfield code="r">2019-03-22 00:00:00</subfield>
    <subfield code="w">2019-03-22</subfield>
    <subfield code="y">B</subfield>
  </datafield>
  <datafield tag="952" ind1=" " ind2=" ">
    <subfield code="0">0</subfield>
    <subfield code="1">0</subfield>
    <subfield code="2">lcc</subfield>
    <subfield code="4">0</subfield>
    <subfield code="7">0</subfield>
    <subfield code="8">FCON</subfield>
    <subfield code="a">BRCA</subfield>
    <subfield code="b">BRCA</subfield>
    <subfield code="d">2023-07-17</subfield>
    <subfield code="e">Donaci&#xF3;n</subfield>
    <subfield code="l">0</subfield>
    <subfield code="o">NK844 .M45 2006</subfield>
    <subfield code="p">CONT10062</subfield>
    <subfield code="r">2023-07-17 00:00:00</subfield>
    <subfield code="t">1</subfield>
    <subfield code="w">2023-07-17</subfield>
    <subfield code="y">B</subfield>
  </datafield>
  <datafield tag="952" ind1=" " ind2=" ">
    <subfield code="0">0</subfield>
    <subfield code="1">0</subfield>
    <subfield code="2">lcc</subfield>
    <subfield code="4">0</subfield>
    <subfield code="7">0</subfield>
    <subfield code="8">FCON</subfield>
    <subfield code="a">BRCA</subfield>
    <subfield code="b">BRCA</subfield>
    <subfield code="d">2023-07-17</subfield>
    <subfield code="e">Donaci&#xF3;n</subfield>
    <subfield code="l">0</subfield>
    <subfield code="o">NK844 .M45 2006</subfield>
    <subfield code="p">CONT10063</subfield>
    <subfield code="r">2023-07-17 00:00:00</subfield>
    <subfield code="t">2</subfield>
    <subfield code="w">2023-07-17</subfield>
    <subfield code="y">B</subfield>
  </datafield>
</record>
